Copa America 2024 USMNT Squad - Statistics

General Stats
  • This quiz has been taken 153 times
  • The average score is 18 of 26
Answer Stats
# Position Player Club % Correct
10 FW Christian Pulisic AC Milan
99%
1 GK Matt Turner Nottingham Forest
96%
8 MF Weston McKennie Juventus
94%
21 FW Timothy Weah Juventus
93%
4 MF Tyler Adams Bournemouth
88%
5 DF Antonee Robinson Fulham
84%
12 DF Miles Robinson FC Cincinnati
82%
13 DF Tim Ream Fulham
82%
6 MF Yunus Musah AC Milan
82%
7 MF Giovanni Reyna Nottingham Forest
81%
20 FW Folarin Balogun AS Monaco
80%
3 DF Chris Richards Crystal Palace
77%
26 FW Josh Sargent Norwich CIty
76%
9 FW Ricardo Pepi PSV Eindhoven
76%
2 DF Cameron Carter-Vickers Celtic
74%
11 FW Brenden Aaronson Union Berlin
66%
22 DF Joe Scally Borussia Mönchengladbach
62%
19 FW Haji Wright Coventry City
61%
18 GK Ethan Horvath Cardiff City
55%
14 MF Luca de la Torre Celta Vigo
54%
17 MF Malik Tillman PSV Eindhoven
53%
15 MF Johnny Cardoso Real Betis
52%
25 GK Sean Johnson Toronto FC
46%
16 DF Shaq Moore Nashville SC
39%
24 DF Mark McKenzie Genk
38%
23 DF Kristoffer Lund Palermo
26%
No matching quizzes found
Score Distribution
Percent of People with Each Score
Percentile by Number Answered
Your Score History
You have not taken this quiz